=LDR 00000nam 2200000 4500 =001 NUTBA000000000003063 =005 20140718100235.0 =006 =007 =008 =020 ##$$a 979-602-9227-82-6 =035 ##$$a 0010-071400000000251 =040 ##$$a NBPDMAT =082 ##$$a 372.7 =090 ##$$a 372.7 $b Dwi b =100 ##$$a Dwi Maya Utari =245 ##$$a Belajar bilangan romawi / $c Dwi Maya Utari =250 ##$$a Cet. 3 =260 ##$$a Jakarta : $b Wadah Ilmu, $c 2012 =300 ##$$a vi, 50 hlm. : $b ilus. ; $c 24 cm =500 ##$$a Bibliografi : hlm. 50 =650 ##$$a Matematika =990 ##$$a 21405172